Өрх, сумын эрүүл мэндийн төвийн ажилтнуудын ажлаас гарах бодол, түүнд нөлөөлж буй байгууллагын хүчин зүйлс: (Record no. 37755)

MARC details
000 -LEADER
fixed length control field 02271nam a22003377a 4500
003 - CONTROL NUMBER IDENTIFIER
control field MN_MNUMS
005 - DATE AND TIME OF LATEST TRANSACTION
control field 20260511105528.0
008 - FIXED-LENGTH DATA ELEMENTS--GENERAL INFORMATION
fixed length control field 260511b mp ||||| |||| 00| 0 mon d
040 ## - CATALOGING SOURCE
Original cataloging agency MN_MNUMS
Language of cataloging MON
Transcribing agency MN_MNUMS
Modifying agency MN_MNUMS
Description conventions rda
041 ## - LANGUAGE CODE
Language code of text/sound track or separate title MON
072 ## - SUBJECT CATEGORY CODE
Subject category code E098801
082 ## - DEWEY DECIMAL CLASSIFICATION NUMBER
Edition number 21
Classification number 362.1
Item number Ц 945
100 0# - MAIN ENTRY--PERSONAL NAME
Personal name Цэлмэг, Ц.
Relator term судлаач
9 (RLIN) 67555
245 10 - TITLE STATEMENT
Title Өрх, сумын эрүүл мэндийн төвийн ажилтнуудын ажлаас гарах бодол, түүнд нөлөөлж буй байгууллагын хүчин зүйлс:
Remainder of title Магистрын зэрэг горилсон нэг сэдэвт бүтээл: E098801-Нийгмийн эрүүл мэнд/
Statement of responsibility, etc. Судлаач: Цэрэннадмидын Цэлмэг; Эрдэм шинжилгээний ажлын удирдагч: Анагаах ухааны доктор, дэд профессор М. Сугармаа; Эрдэм шинжилгээний ажлын шүүмжлэгч: Төрийн бодлого удирдлагын доктор, дэд профессор Л. Хоролсүрэн.
264 #1 - PRODUCTION, PUBLICATION, DISTRIBUTION, MANUFACTURE, AND COPYRIGHT NOTICE
Place of production, publication, distribution, manufacture Улаанбаатар:
Name of producer, publisher, distributor, manufacturer [Хэвлэлийн газар тодорхойгүй]
Date of production, publication, distribution, manufacture, or copyright notice c2026.
300 ## - PHYSICAL DESCRIPTION
Extent 42 хуудастай :
Other physical details зурагтай, хүснэгт, графиктай, 12х12 CD-тэй;
Dimensions 30 см
336 ## - CONTENT TYPE
Source rdacontent
Content type term text
Content type code txt
502 ## - DISSERTATION NOTE
Dissertation note Диссертаци
Degree type Магистр
Name of granting institution Анагаахын Шинжлэх Ухааны Үндэсний Их Сургууль
Year degree granted 2025
504 ## - BIBLIOGRAPHY, ETC. NOTE
Bibliography, etc. note Ном зүйтэй (хуудас 41-42)
546 ## - LANGUAGE NOTE
Хэл Монгол
Information code or alphabet (Кирилл)
650 #4 - SUBJECT ADDED ENTRY--TOPICAL TERM
Topical term or geographic name entry element нийгмийн эрүүл мэнд
9 (RLIN) 67584
Topical term or geographic name entry element ажлаас гарах бодол
9 (RLIN) 24720
Topical term or geographic name entry element байгууллагын уур амьсгал
9 (RLIN) 67585
Topical term or geographic name entry element эрүүл мэндийн ажилтан
9 (RLIN) 67665
700 0# - ADDED ENTRY--PERSONAL NAME
Personal name Сугармаа, М.
Relator term удирдагч
9 (RLIN) 66096
Personal name Хоролсүрэн, Л.
Relator term шүүмжлэгч
9 (RLIN) 67531
710 ## - ADDED ENTRY--CORPORATE NAME
Corporate name or jurisdiction name as entry element Анагаахын Шинжлэх Ухааны Үндэсний Их Сургууль
Relator term Эрхэлсэн байгууллага
9 (RLIN) 35462
856 ## - Цахимаар унших
Public note ЦАХИМ ХУВИЛБАР УНШИХ
Public note ТОВЧ ХУРААНГУЙ ҮЗЭХ
942 ## - ADDED ENTRY ELEMENTS (KOHA)
Source of classification or shelving scheme Dewey Decimal Classification
Koha item type Магистрын тезис
Holdings
Date last seen Total Checkouts Full call number Price effective from Koha item type Lost status Source of classification or shelving scheme Damaged status Not for loan Withdrawn status Home library Current library Shelving location Date acquired Cost, normal purchase price
05/11/2026   362.1 Ц 945 05/11/2026 Магистрын тезис   Dewey Decimal Classification       Эрдэм шинжилгээний номын сан Эрдэм шинжилгээний номын сан Эрдэм шинжилгээний уншлагын танхим 05/11/2026 5000.00